Probability: theory and examples . / (Record no. 7345)

MARC details
000 -LEADER
fixed length control field 00957pam a2200265 4500
001 - CONTROL NUMBER
control field 4560540
005 - DATE AND TIME OF LATEST TRANSACTION
control field 20210414114657.0
008 - FIXED-LENGTH DATA ELEMENTS--GENERAL INFORMATION
fixed length control field 731107s1974 nyua b 001 0 eng
010 ## - LIBRARY OF CONGRESS CONTROL NUMBER
LC control number 73019852
020 ## - INTERNATIONAL STANDARD BOOK NUMBER
International Standard Book Number 9780521765398
040 ## - CATALOGING SOURCE
Original cataloging agency DLC
Transcribing agency DLC
Modifying agency DLC
050 00 - LIBRARY OF CONGRESS CALL NUMBER
Classification number QA273.D86
082 00 - DEWEY DECIMAL CLASSIFICATION NUMBER
Classification number 519.2
100 1# - MAIN ENTRY--PERSONAL NAME
Personal name Durrett, Rick
Dates associated with a name 1934-
245 10 - TITLE STATEMENT
Title Probability: theory and examples . /
Statement of responsibility, etc. Rick Durrett
250 ## - EDITION STATEMENT
Edition statement 4th ed.
260 ## - PUBLICATION, DISTRIBUTION, ETC.
Place of publication, distribution, etc. Cambridge:
Name of publisher, distributor, etc. CUP,
Date of publication, distribution, etc. 2010.
300 ## - PHYSICAL DESCRIPTION
Extent x, 428 p.:
Other physical details ill.;
Dimensions 23 cm.
440 ## - SERIES STATEMENT/ADDED ENTRY--TITLE
Title Cambridge Series in Statistical and Probabilistic Mathematics
504 ## - BIBLIOGRAPHY, ETC. NOTE
Bibliography, etc. note Includes bibliographic references and index
505 ## - FORMATTED CONTENTS NOTE
Formatted contents note Contents: Measure theory -- Laws of large numbers -- Central limit theorems -- Random walks -- Martingales -- Markov chains -- Ergodic theorems -- Brownian motion -- Appendix A Measure theory details --
650 #0 - SUBJECT ADDED ENTRY--TOPICAL TERM
Topical term or geographic name entry element Probabilities.
650 #0 - SUBJECT ADDED ENTRY--TOPICAL TERM
Topical term or geographic name entry element Mathematical statistics.
942 ## - ADDED ENTRY ELEMENTS (KOHA)
Source of classification or shelving scheme Library of Congress Classification
Koha item type Books
Holdings
Withdrawn status Lost status Source of classification or shelving scheme Damaged status Not for loan Home library Current library Shelving location Date acquired Source of acquisition Full call number Barcode Date last seen Price effective from Koha item type
    Library of Congress Classification     WISCONSIN INTERNATIONAL UNIVERSITY COLLEGE, GHANA KUMASI LIBRARY WISCONSIN INTERNATIONAL UNIVERSITY COLLEGE, GHANA KUMASI LIBRARY General Stacks 18/11/2019 STM QA273.D86(4e) K/2581/2581/19 11/06/2020 11/06/2020 Books

If you have any concerns or questions; kindly contact the library


© Powered by WIUC ICT DIRECTORATE